00335nam a2200121Ia 4500008004100000020002200041041000800063082002200071100001500093245004500108260005100153300000900204230411s9999 xx 000 0 und d a978-93-90619-11-5 aeng aMS/613/RAI/B09593 aRai Kanika aUnderstanding Pathophysiology of Disease bCBS Publishers & DistributorsaNew Delhic2022 a273p